[Event "IECG TG.2003.0.14778"]
[Site "IECG email"]
[Date "2003.02.08"]
[Round "1"]
[White "Andrade, Alexandre"]
[Black "Himes, Dennis Paul"]
[Result "1-0"]
[WhiteElo "1595"]
[BlackElo "1557"]
[PlyCount "123"]
[EventDate "2003.02.08"]
[EventType "match (corr)"]
[EventRounds "2"]
[SourceTitle "Corr 2008"]
[Source "ChessBase"]
[SourceDate "2008.06.24"]
[SourceVersion "1"]
[SourceVersionDate "2008.06.24"]
[SourceQuality "1"]

1. d4 Nf6 2. c4 e6 3. Nc3 Bb4 4. Qc2 b6 5. a3 Bxc3+ 6. Qxc3 Bb7 7. Bg5 0-0 8. e3 d6 9. f3 Nbd7 10. Bd3 h6 11. Bh4 Qc8 12. Ne2 c5 13. 0-0 d5 14. Rae1 dxc4 15. Bxc4 Bd5 16. e4 cxd4 17. Qxd4 Qxc4 18. exd5 Qxd4+ 19. Nxd4 Nxd5 20. f4 Nc5 21. Re2 Rac8 22. Rf3 a6 23. g3 Nd7 24. b3 Rc7 25. g4 Rfc8 26. Be1 Rc1 27. Kf2 Nc3 28. Bxc3 R8xc3 29. Rxc3 Rxc3 30. Re3 Rxe3 31. Kxe3 Nf6 32. h3 Nd5+ 33. Ke4 Kf8 34. Nc6 f6 35. f5 Ne7 36. Nb8 exf5+ 37. gxf5 Kf7 38. Nxa6 g6 39. fxg6+ Kxg6 40. Nc7 Kh5 41. Ne6 Kh4 42. Nf4 Kg5 43. a4 f5+ 44. Kf3 Kh4 45. Kg2 Nc6 46. Nd5 Nd4 47. b4 b5 48. a5 Nc6 49. a6 Na7 50. Kh2 h5 51. Kg2 Kg5 52. Kg3 h4+ 53. Kf3 Nc6 54. Nc3 Na7 55. Ke3 Nc6 56. Nxb5 Nxb4 57. a7 Nd5+ 58. Kf3 Nb6 59. Nc7 f4 60. a8Q Nxa8 61. Nxa8 Kf5 62. Nb6 1-0

[Event "IECG TG.2003.0.14778"]
[Site "IECG email"]
[Date "2003.02.08"]
[Round "2"]
[White "Himes, Dennis Paul"]
[Black "Andrade, Alexandre"]
[Result "0-1"]
[WhiteElo "1557"]
[BlackElo "1595"]
[PlyCount "118"]
[EventDate "2003.02.08"]
[EventType "match (corr)"]
[EventRounds "2"]
[SourceTitle "Corr 2008"]
[Source "ChessBase"]
[SourceDate "2008.06.24"]
[SourceVersion "1"]
[SourceVersionDate "2008.06.24"]
[SourceQuality "1"]

1. d4 Nf6 2. c4 g6 3. Nc3 d5 4. e3 Bg7 5. Nf3 0-0 6. Qb3 e6 7. cxd5 exd5 8. Be2 b6 9. 0-0 c5 10. Qc2 Re8 11. b3 Bb7 12. Bb2 Nbd7 13. Rac1 Rc8 14. Qb1 Nf8 15. Ba3 Ne4 16. Rfd1 Nxc3 17. Rxc3 cxd4 18. Rxc8 Qxc8 19. Nxd4 Bxd4 20. Rxd4 f5 21. Bf3 Qe6 22. Qd1 Rd8 23. e4 Re8 24. h3 fxe4 25. Be2 a6 26. f3 exf3 27. Bxf3 Qe1+ 28. Qxe1 Rxe1+ 29. Kh2 Re5 30. Bd6 Rf5 31. Bg4 Rf6 32. Be7 Rf7 33. Bxf8 Rxf8 34. Be6+ Kg7 35. Rd3 Rd8 36. Rf3 Rf8 37. Rd3 Rf2 38. Bxd5 Bxd5 39. Rxd5 Rxa2 40. Rd7+ Kh6 41. Rd4 Rb2 42. Rb4 b5 43. Kg3 Kg5 44. Kf3 Kf5 45. g3 Ke5 46. Re4+ Kd5 47. Re3 Kc5 48. Kf4 Kb4 49. Re7 Rxb3 50. Rxh7 a5 51. Rg7 a4 52. Rxg6 a3 53. Ra6 Rb1 54. h4 Kb3 55. h5 a2 56. h6 a1Q 57. Rxa1 Rxa1 58. Kg5 Rh1 59. Kg6 Rg1 0-1